000 00632nam a2200205 a 4500
001 000011316
005 20250228152923.0
008 091016s1984 dr r 000 d spa d
040 _aDO-SdBNP
_bspa
_cBNPHU
082 _aRD862.44
_bC352c
100 1 _aCastillo, EfraĆ­m,
_d1940-
_928022
245 1 3 _aLa cosecha /
_cEfraim Castillo.
246 1 3 _aLa cosecha :
_bdrama en doce cuadros
260 _aSanto Domingo :
_bTaller,
_c1984.
300 _a147 p. ;
_c21 cm.
490 1 _aBiblioteca taller
_v180
590 _aInventariado, 2019 / DG
830 0 _aBiblioteca taller
_n180
_914575
910 _aValidado. Control de calidad. MFF
999 _c11023
_d11023